000 01363nam a22003497a 4500
003 CHAP
005 20220329140244.0
008 971013s1986 r 00010 d
010 _a49303
011 _a50275
035 _a54425
040 _cCHAP
082 _a583.32
_bE3
100 0 0 _aEdwardson, John R.
_935736
245 _aViruses infecting forage legumes
260 _aGainesville, Florida :
_bUniversity of Florida. Institute of Food and Agricultural Sciences,
_c1986
300 _a3 v.
_b: ilus. ; gráfs.
490 _aMonograph
_v; 14
590 _aBATCH-UPD
_b10
_c20130110
_lUCH01
_h0715
590 _aCONVERSION
_b10
_c20130109
_lUCH01
_h1327
650 1 4 _aLeguminosas
_xEnfermedades por virus.
_965823
650 1 4 _aPlantas forrajeras
_xEnfermedades por virus.
_988962
830 0 _aMonograph
_v; 14
_977593
901 _aBK
942 _cLIBRO
949 _a583.32 E3
_bBC
_cLIBRO
_d33724000454930
_eLIBRO
_fv.1 c.2
_h71137
_i54425
_si
949 _a583.32 E3
_bBC
_cLIBRO
_d33724000454948
_eLIBRO
_fv.2
_h71138
_i54425
_si
949 _a583.32 E3
_bBC
_cLIBRO
_d33724000454963
_eLIBRO
_fv.3
_h71140
_i54425
_si
949 _a583.32 E3
_bBC
_cLIBRO
_d33724000454971
_eLIBRO
_fv.3 c.2
_h71141
_i54425
_si
949 _a583.32 E3
_bBC
_cLIBRO
_d33724000455002
_eLIBRO
_fv.1
_h71136
_i54425
_si
949 _a583.32 E3
_bBC
_cLIBRO
_d33724000455044
_eLIBRO
_fv.2 c.2
_h71139
_i54425
_si
999 _c49303
_d49303